Normal view
MARC view
- North West Frontier Province (Pakistan) -- History
Entry Topical Term
001 - CONTROL NUMBER
- control field: 50463
003 - CONTROL NUMBER IDENTIFIER
- control field: NUST
005 - DATE AND TIME OF LATEST TRANSACTION
- control field: 20210314134638.0
008 - FIXED-LENGTH DATA ELEMENTS
- fixed length control field: 210314|| aca||aabn | a|a d
040 ## - CATALOGING SOURCE
- Original cataloging agency: NUST
- Transcribing agency: NUST
150 ## - HEADING--TOPICAL TERM
- Topical term or geographic name entry element: North West Frontier Province (Pakistan) -- History
670 ## - SOURCE DATA FOUND
- Source citation: Work cat.: (NUST): Davies, C. Collin 50462, The Problem of the North-West Frontier 1890-1908, 1932
